00259nam a2200109Ia 4500008004100000245004400041260002200085440000600107521001200113942000700125999001700132140130s9999 xx 000 0 und d cLillie, PatriciaaWhen this box is full bScholastic,c1993 v1 aGrade 1 cBK c39971d39971